Sexually Transmitted Diseases (Record no. 7695)
[ view plain ]
| 000 -LEADER | |
|---|---|
| fixed length control field | 00342nam a22001337a 4500 |
| 008 - FIXED-LENGTH DATA ELEMENTS--GENERAL INFORMATION | |
| fixed length control field | 190306b ||||| |||| 00| 0 eng d |
| 020 ## - INTERNATIONAL STANDARD BOOK NUMBER | |
| International Standard Book Number | 978144085316 |
| 082 ## - DEWEY DECIMAL CLASSIFICATION NUMBER | |
| Classification number | 613 Q73s 2018 |
| 100 ## - MAIN ENTRY--PERSONAL NAME | |
| Personal name | Quinn, Paul |
| 245 ## - TITLE STATEMENT | |
| Title | Sexually Transmitted Diseases |
| 260 ## - PUBLICATION, DISTRIBUTION, ETC. | |
| Place of publication, distribution, etc. | California ; |
| Name of publisher, distributor, etc. | Greenwood, |
| Date of publication, distribution, etc. | 2018. |
| 300 ## - PHYSICAL DESCRIPTION | |
| Extent | ix, 154 p. |
| Dimensions | 24 cm. |
| 942 ## - Added entry Elements (Koha) | |
| Source of classification or shelving scheme | Dewey Decimal Classification |
| Withdrawn status | Lost status | Source of classification or shelving scheme | Damaged status | Not for loan | Collection code | Home library | Current library | Shelving location | Date acquired | Serial Enumeration / chronology | Total Checkouts | Full call number | Barcode | Date last seen | Date last checked out | Price effective from | Koha item type |
|---|---|---|---|---|---|---|---|---|---|---|---|---|---|---|---|---|---|
| Dewey Decimal Classification | Main TEST | RTC Library | RTC Library | Main opac | 06/03/2019 | 13495 | 2 | 613 QUI | 30013693 | 06/09/2021 | 20/08/2021 | 06/03/2019 | Main |